Roblox 99 Nights in the Forest Entities Quiz (As of Dec 2025) - Statistics

General Stats
  • This quiz has been taken 75 times
  • The average score is 16 of 26
Answer Stats
Type Entity % Correct
Monsters/ Boss The Deer
92%
Animals Wolf
92%
Child Dino Kid
91%
Monsters/ Boss The Owl
91%
Animals Alpha Wolf
87%
Animals Bunny
87%
Animals Bear
85%
Child Squid Kid
85%
Monsters/ Boss The Ram
85%
Child Koala Kid
77%
Monsters/ Boss The Bat
74%
Child Kraken Kid
72%
Animals Mammoth
70%
Animals Polar Bear
68%
Cultist Cultist
64%
Cultist Crossbow Cultist
57%
Animals Scorpion
55%
Cultist Cultist King
42%
Animals Kiwi
38%
Animals Artic Fox
34%
Animals Horse
28%
Cultist Juggernaut Cultist
26%
Animals Hellephant
21%
Animals Meteor Crab
21%
Animals Frogs
15%
Animals Turkey
11%
No matching quizzes found
Score Distribution
Percent of People with Each Score
Percentile by Number Answered
Your Score History
You have not taken this quiz